| 000 | 00981 a2200265 4500 | ||
|---|---|---|---|
| 005 | 20140903174926.0 | ||
| 008 | 130910s2013 pe d frn 00| 0 spa d | ||
| 020 | _a9786124110160 | ||
| 040 |
_aCO-BoUCM _bspa _cAdriana León _dHenry Ríos |
||
| 041 | 0 | 0 | _aspa |
| 100 | 1 |
_aVillajuana, Carlos _944741 |
|
| 245 | 1 | 0 |
_aEstratejiendo plan estratégico y balance Scorecard _cCarlos Villajuana |
| 260 |
_c2013 _aLima _bUniversidad ESAN |
||
| 300 |
_a509 páginas _btablas y cuadros |
||
| 504 | _aIncluye referencias bibliográficas | ||
| 650 | 4 |
_aCuadro de Mando Integral (CMI) _97473 |
|
| 650 | 4 |
_aIndicadores de gestión _917303 |
|
| 650 | 7 |
_aEfectividad organizacional _944742 |
|
| 650 | 7 |
_aPlanificación estratégica _944743 |
|
| 650 | 7 |
_aProductividad industrial _922441 |
|
| 650 | 7 |
_aRendimiento industrial _xMedición _944744 |
|
| 690 |
_942736 _aAdministración de empresas |
||
| 942 |
_a16 _cLIBRO _e1 _mV713e _2DEWEY _h658.4013 |
||
| 999 |
_c180773 _d180773 |
||